[Event "Euskadi-ch U18"]
[Site "Eibar"]
[Date "2010.04.10"]
[Round "6"]
[White "Saiz Lopez, Laura"]
[Black "Ramos Samperio, Aitor"]
[Result "0-1"]
[WhiteElo "1403"]
[BlackElo "1582"]
[PlyCount "22"]
[EventDate "2010.04.06"]
[EventType "swiss"]
[EventRounds "6"]
[EventCountry "ESP"]
[SourceTitle "CBM 136 Extra"]
[Source "ChessBase"]
[SourceDate "2010.07.02"]
[SourceVersion "2"]
[SourceVersionDate "2010.07.15"]
[SourceQuality "1"]

1. e4 e6 2. d4 d5 3. e5 c5 4. c3 Nc6 5. Nf3 cxd4 6. Nxd4 Nxe5 7. Bf4 Bd6 8. Qa4+ Bd7 9. Bb5 Nd3+ 10. Kd2 Nxf4 11. Bxd7+ Qxd7 0-1

[Event "Euskadi-ch U18"]
[Site "Eibar"]
[Date "2010.04.09"]
[Round "5"]
[White "Idiazabal Troyas, Aritz"]
[Black "Ramos Samperio, Aitor"]
[Result "1-0"]
[WhiteElo "1879"]
[BlackElo "1582"]
[PlyCount "39"]
[EventDate "2010.04.06"]
[EventType "swiss"]
[EventRounds "6"]
[EventCountry "ESP"]
[SourceTitle "CBM 136 Extra"]
[Source "ChessBase"]
[SourceDate "2010.07.02"]
[SourceVersion "2"]
[SourceVersionDate "2010.07.15"]
[SourceQuality "1"]

1. e4 e6 2. b3 d5 3. Bb2 Nf6 4. e5 Nfd7 5. f4 c5 6. Qh5 Nc6 7. Nc3 a6 8. 0-0-0 b5 9. Nf3 d4 10. Ne4 Bb7 11. Nfg5 g6 12. Qg4 Ncxe5 13. fxe5 Nxe5 14. Qf4 Bg7 15. Nxc5 Qc7 16. Re1 Rc8 17. Kb1 0-0 18. Nxb7 Qxc2+ 19. Ka1 b4 20. Qxd4 1-0

[Event "Euskadi-ch U16"]
[Site "Eibar"]
[Date "2008.03.27"]
[Round "4"]
[White "Ramos Samperio, Aitor"]
[Black "Carrasco Arjona, Jagoba"]
[Result "1-0"]
[WhiteElo "1590"]
[BlackElo "1671"]
[PlyCount "45"]
[EventDate "2008.03.25"]
[EventType "swiss"]
[EventRounds "6"]
[EventCountry "ESP"]
[SourceTitle "EXT 2024"]
[Source "ChessBase"]
[SourceDate "2023.10.10"]
[SourceVersion "1"]
[SourceVersionDate "2023.10.10"]
[SourceQuality "1"]

1. Nf3 e6 2. d4 d5 3. c4 Nf6 4. Bg5 Be7 5. Nc3 c6 6. e3 Nbd7 7. Rc1 0-0 8. Qc2 Re8 9. a3 a5 10. Bd3 dxc4 11. Bxc4 b5 12. Ba2 b4 13. Na4 Bb7 14. Bb1 Qc7 15. 0-0 Rec8 16. e4 e5 17. Rfd1 Rd8 18. Be3 Rac8 19. Ba2 Ba6 20. Bxf7+ Kxf7 21. Ng5+ Kg8 22. Qb3+ Nd5 23. exd5 1-0

[Event "Euskadi-ch U16"]
[Site "Eibar"]
[Date "2008.03.25"]
[Round "1"]
[White "Sanchez Ruesga, Hector"]
[Black "Ramos Samperio, Aitor"]
[Result "0-1"]
[WhiteElo "1804"]
[BlackElo "1590"]
[PlyCount "84"]
[EventDate "2008.03.25"]
[EventType "swiss"]
[EventRounds "6"]
[EventCountry "ESP"]
[SourceTitle "EXT 2024"]
[Source "ChessBase"]
[SourceDate "2023.10.10"]
[SourceVersion "1"]
[SourceVersionDate "2023.10.10"]
[SourceQuality "1"]

1. e4 e6 2. d4 d5 3. e5 c5 4. c3 Qb6 5. Nf3 Nc6 6. Bd3 Bd7 7. dxc5 Bxc5 8. 0-0 f6 9. b4 Be7 10. Qc2 fxe5 11. Bxh7 e4 12. Bxg8 Qc7 13. g3 Nxb4 14. Qd2 Rxg8 15. cxb4 exf3 16. Bb2 Bb5 17. Rc1 Qd6 18. a3 e5 19. h4 Bxh4 20. Qe3 e4 21. Qc5 Qd7 22. Rd1 Bc4 23. Qxc4 dxc4 24. Rxd7 Kxd7 25. gxh4 Rh8 26. Kh2 Rxh4+ 27. Kg3 Rhh8 28. Nd2 Rae8 29. Re1 Rhf8 30. Nxc4 Re6 31. Ne5+ Kd6 32. Rd1+ Kc7 33. Rd7+ Kc8 34. Rxg7 e3 35. Nxf3 e2 36. Ne1 Rd8 37. f3 Rh6 38. Kf2 Rh2+ 39. Rg2 Rh1 40. Rg1 Rh2+ 41. Ke3 Re8+ 42. Kd2 Rf2 0-1